Special relativity
Αποθηκεύτηκε σε:
| Κύριος συγγραφέας: | |
|---|---|
| Μορφή: | Βιβλίο |
| Γλώσσα: | English |
| Δημοσίευση: |
Boca Raton ; London :
CRS Press,
c1968
|
| Σειρά: | M.I.T. introductory physics series
|
| Θέματα: | |
| Ετικέτες: |
Προσθήκη ετικέτας
Δεν υπάρχουν, Καταχωρήστε ετικέτα πρώτοι!
|
MARC
| LEADER | 00000nam a2200000 i 4500 | ||
|---|---|---|---|
| 001 | 1/53402 | ||
| 008 | 070831s1968 eng d | ||
| 020 | |a 0-7487-6422-4 | ||
| 035 | |l 10090276 | ||
| 040 | |a GR-MY-UA |b gre |e aacr | ||
| 041 | 0 | |a eng | |
| 082 | 0 | |a 530.11 |2 (22) | |
| 100 | 1 | |a French, A. P. |q (Anthony Philip) |d 1920- | |
| 245 | 1 | 0 | |a Special relativity / |c A.P. French |
| 260 | |a Boca Raton ; London : |b CRS Press, |c c1968 | ||
| 300 | |a x, 286 σ.; |b εικ.; |c 23 εκ. | ||
| 490 | 1 | |a M.I.T. introductory physics series | |
| 500 | |a Originally published by Chapman & Hall | ||
| 504 | |a Περιλαμβάνει βιβλιογραφία (σ. 273-275) και ευρετήριο. | ||
| 650 | 0 | 0 | |a Special relativity (Physics) |
| 830 | 0 | |a M.I.T. introductory physics series | |
| 852 | |a INST |b SAMOS |e 20070831 |h 530.11 FRE |p 005300028379 |q 005300028379 |t BK |y 0 | ||
| 901 | |a BIBL3-2007-2 | ||
| 909 | |a Σ |b 137314 | ||
| 922 | |a 3ΕΛΗ |b 200707 |c ΕΠΕΑΕΚ2/ΤΜΠΕΣ |d ΕΛΕΥΘΕΡΟΥΔΑΚΗΣ | ||
| 970 | |a ΣΙΤΖΙΜΗ |b ΓΙΑΣΕΜΗ |z 2007/08/31 | ||